EFL Championship Play-Off Finalists - Statistics

General Stats
  • This quiz has been taken 1,583 times
    601 since last reset
  • The average score is 32 of 40
Answer Stats
Year Winners % Correct
1987 Leeds United
95%
2023 Luton Town
94%
2024 Southampton
94%
2018 Fulham
92%
2018 Aston Villa
91%
2002 Norwich City
90%
1997 Sheffield United
90%
1990 Sunderland
90%
2020 Brentford
89%
2023 Coventry City
87%
2022 Nottingham Forest
87%
2004 West Ham United
87%
1994 Derby County
86%
2011 Swansea City
86%
2017 Huddersfield Town
85%
2008 Hull City
85%
2016 Sheffield Wednesday
85%
1992 Leicester City
84%
2010 Cardiff City
83%
2000 Ipswich Town
83%
1999 Watford
83%
2003 Wolverhampton Wanderers
83%
1989 Crystal Palace
82%
2007 West Bromwich Albion
81%
2009 Burnley
80%
1988 Middlesbrough
80%
2014 Queens Park Rangers
80%
2002 Birmingham City
79%
1995 Reading
78%
1989 Blackburn Rovers
76%
2010 Blackpool
76%
1991 Brighton & Hove Albion
76%
1987 Charlton Athletic
69%
1995 Bolton Wanderers
68%
2001 Preston North End
64%
2000 Barnsley
61%
2008 Bristol City
61%
1990 Swindon Town
56%
1988 Chelsea
40%
1991 Notts County
33%
No matching quizzes found
Score Distribution
Percent of People with Each Score
Percentile by Number Answered
Your Score History
You have not taken this quiz since the last reset